Missing Word: 'M' in Every Category Quiz Stats

 Plays Quiz Updated Dec 1, 2016

Support Sporcle.
Go Orange.
Score 0/15 Timer 02:00
3 Plays Today
Hint Missing Word % Correct
_____ Square GardenMadison
97.3%
_____ GrasMardi
94%
_____ KombatMortal
92.5%
Stubborn as a _____Mule
87%
Cuban _____ CrisisMissile
86.9%
Extreme _____: Home EditionMakeover
86.8%
Hajj, Pilgrimage to _____Mecca
77.6%
Florence + the _____Machine
73.3%
Hint Missing Word % Correct
_____ PuzoMario
59.5%
_____ FirefoxMozilla
56.1%
Play _____ for MeMisty
53.3%
Sailor _____Moon
50.2%
_____ Kea Volcano, HawaiiMauna
43.4%
_____'s Periodic TableMendeleev
26%
_____ Marathon - BadgeMovie
23.4%

Today's Daily Dose

You're not logged in!

Compare scores with friends on all Sporcle quizzes.
OR
Log In
Remove Ads.
Support Sporcle.
Get the best of Sporcle when you Go Orange. This ad-free experience offers more features, more stats, and more fun while also helping to support Sporcle. Thank you for becoming a member.

Show Comments

Extras

Top Quizzes Today


Score Distribution

Your Account Isn't Verified!

In order to create a playlist on Sporcle, you need to verify the email address you used during registration. Go to your Sporcle Settings to finish the process.

Report this User

Report this user for behavior that violates our Community Guidelines.

Details: